Tribhuvan University Central Library

A colour atlas of Port, Harvest: diseases & disorders of fruits & vegetables (Record no. 14186)

MARC details
000 -LEADER
fixed length control field 005590000a22002290004500
082 ## - DEWEY DECIMAL CLASSIFICATION NUMBER
Classification number 635.04930223
Item number S63c
-- R
020 ## - INTERNATIONAL STANDARD BOOK NUMBER
International Standard Book Number 0-7234-1636-2
041 ## - LANGUAGE CODE
Language code of text/sound track or separate title Eng
100 ## - MAIN ENTRY--PERSONAL NAME
Personal name Snowdon, Anna L.
245 ## - TITLE STATEMENT
Title A colour atlas of Port, Harvest: diseases & disorders of fruits & vegetables
260 ## - PUBLICATION, DISTRIBUTION, ETC. (IMPRINT)
Place of publication, distribution, etc London
Name of publisher, distributor, etc Wolfe Scientific, UK
260 ## - PUBLICATION, DISTRIBUTION, ETC. (IMPRINT)
Date of publication, distribution, etc 1991
300 ## - PHYSICAL DESCRIPTION
Extent V.2
500 ## - GENERAL NOTE
General note Includes bibliographies
518 ## - DATE/TIME AND PLACE OF AN EVENT NOTE
Date/time and place of an event note 980512
530 ## - ADDITIONAL PHYSICAL FORM AVAILABLE NOTE
Additional physical form available note M
650 ## - SUBJECT ADDED ENTRY--TOPICAL TERM
Topical term or geographic name as entry element Vegetables
650 ## - SUBJECT ADDED ENTRY--TOPICAL TERM
Topical term or geographic name as entry element Atlases
650 ## - SUBJECT ADDED ENTRY--TOPICAL TERM
Topical term or geographic name as entry element Harvesting
650 ## - SUBJECT ADDED ENTRY--TOPICAL TERM
Topical term or geographic name as entry element Diseases
942 ## - ADDED ENTRY ELEMENTS (KOHA)
Koha item type General Collections
Holdings
Withdrawn status Lost status Damaged status Not for loan Home library Current library Date acquired Total Checkouts Barcode Date last seen Price effective from
        Tribhuvan University Central Library Tribhuvan University Central Library 06/20/2010   115598 06/20/2010 06/20/2010